00641nam a22002057a 450000500170000001000250001702000260004203500130006803500170008103500130009803700230011103700130013408200100014710000170015724500890017426000330026327000650029630000240036150000500038520170809141705.0 a1516EN07 ENG-114875 a9780670088126c699.00 aEN-98407 aB-605876-885 aB-664985 adplbBlueberry/Ven bDBAD/PUB a338.9 aBahl, Raghav aSuper economies: cby Raghav BahlbAmerica, India, China & the future of the world / bPenguin Booksc2015aGurgaon a7th Floor, Infinity Tower C, DLF Cyber CitybGurgaone122002 axxi,392p.c24cm(Hb) aIncludes bibliographical references and index